00732 a2200205 450000100060000002000150000604000240002110000210004524000370006624500320010330000070013536200090014244000080015165000310015994200070019095201040019795201040030195201040040599900170050969327 a8532245862 cAnchieta - Itaigara aBelinky, Tatiana10aHistória de dois irmãoslpor10aHistória de dois irmãos a230 a2001 1aFTD 4aLiteratura infanto-juvenil cBK 00104070a88.1b88.1d2023-11-21l0o028.5 BEL HISp1535/ITAr2023-11-21 20:03:50w2023-11-21yBK 00104070a88.1b88.1d2023-11-21l0o028.5 BEL HISp1536/ITAr2023-11-21 20:03:51w2023-11-21yBK 00104070a88.1b88.1d2023-11-21l0o028.5 BEL HISp1537/ITAr2023-11-21 20:03:51w2023-11-21yBK c69327d69327